[Event "Marmaris Karya-12 IM 2022"]
[Site "Icmeler-Marmaris"]
[Date "2022.01.23"]
[Round "6.3"]
[White "Ahmad, Al Khatib"]
[Black "Atayman, Evren"]
[Result "1-0"]
[WhiteElo "2218"]
[BlackElo "1616"]
[Annotator "TA"]
[PlyCount "74"]
[EventDate "2022.01.22"]
[EventType "schev"]
[EventCountry "TUR"]
[SourceTitle "playchess.com"]
[Source "ChessBase"]
[SourceQuality "1"]

{[%evp 17,74,14,36,27,22,37,31,40,50,48,134,138,150,64,72,71,76,68,68,75,83,23,60,62,101,92,112,60,66,63,64,47,57,66,77,39,397,370,1290,1291,1273,1236,1013,885,1476,1476,1331,1353,1252,1194,834,909,803,709,29974,29975,29975,29976,29987]} 1. e4 e6 {[%cal Be7e6,Be6d5][%mdl 32]} 2. d4 d5 3. exd5 exd5 4. Nf3 Bd6 5. c4 c6 6. Nc3 Ne7 7. Bd3 dxc4 8. Bxc4 O-O 9. O-O Bg4 10. h3 {C01: French: Exchange Variation.} Bh5 11. g4 Bg6 12. Ne5 {White is slightly better.} Nd7 13. f4 {[%cal Bf2f4,Bf4f5][%mdl 32]} h6 (13... Nb6 $14) 14. f5 $16 Bh7 {[#]} 15. Bf4 $146 ({Better is} 15. Nxd7 $1 $16 Qxd7 16. f6) ({Predecessor:} 15. Qe2 Bc7 16. Nxd7 Qxd7 17. Be3 Qd6 18. Bf4 Qd7 19. Bxc7 Qxc7 20. d5 cxd5 21. Bxd5 {0-1 (35) Parkhomenko,G-Budchenko,I Saratov 2014}) 15... Nb6 $14 16. Bb3 {[%cal Of5f6] White is much more active.} Ned5 17. Nxd5 Nxd5 18. Bxd5 cxd5 19. Qd2 ({White should try} 19. Rc1 $16) 19... Qh4 20. Qg2 {[%cal Oe5g6]} Rad8 21. Rae1 {[%cal Ba1e1,Be1e5,Be5e7][%mdl 32]} ({Inferior is} 21. Qxd5 Bxe5 22. Qxe5 Qxh3 $17) 21... Bb8 22. Nf3 Qf6 23. Bxb8 Rxb8 24. Re5 Qc6 25. Rfe1 $36 {[%mdl 2048] White has good play.} Kh8 26. Qg3 g6 $2 {[%mdl 8192] Loses the game.} (26... f6 $14 27. Re7 Rbc8) 27. Re7 $18 {aiming for Ne5.} gxf5 $2 (27... Rbd8 28. g5 Qd6 29. Qe5+ f6 30. gxf6 Rxf6 31. Qxd6 (31. Rxb7 gxf5 32. Qxd6 Rfxd6 $18) 31... Rdxd6) 28. Ne5 Qf6 {[#]} 29. Nxf7+ $1 {[%mdl 576] Deflection} Rxf7 30. Qxb8+ Rf8 {[#]} 31. Qxf8+ $3 {[%mdl 512]} Qxf8 32. Re8 Kg7 33. R1e7+ Qf7 34. Rxf7+ Kxf7 35. Rb8 f4 36. Rxb7+ Kg8 37. Rxa7 Be4 {Weighted Error Value: White=0.13 (very precise) /Black=0.86} 1-0

[Event "Marmaris Karya-12 IM 2022"]
[Site "Icmeler-Marmaris"]
[Date "2022.01.23"]
[Round "6.3"]
[White "Atayman, Evren"]
[Black "Haussernot, Cecile"]
[Result "0-1"]
[WhiteElo "1616"]
[BlackElo "2188"]
[Annotator "TA"]
[PlyCount "94"]
[EventDate "2022.01.22"]
[EventType "schev"]
[EventCountry "TUR"]
[SourceTitle "playchess.com"]
[Source "ChessBase"]
[SourceQuality "1"]

{[%evp 13,94,-12,-8,-7,20,21,11,0,27,13,49,40,186,106,184,185,137,89,202,147,173,198,180,195,212,118,110,106,159,7,7,8,7,10,18,14,142,135,131,14,113,-8,-4,-4,-4,-6,-12,-6,-6,-3,41,0,79,0,182,-13,-17,-88,-84,-145,-127,-156,-172,-487,-172,-168,-161,-507,-490,-534,-534,-516,-497,-608,-600,-29988,-2383,-29986,-29979,-29979,-29979,-29991,-29992]} 1. e4 c5 2. Nf3 d6 3. d4 cxd4 4. Nxd4 Nf6 5. Nc3 a6 6. Bg5 Nbd7 7. Qd2 {7.Qe2 is the modern continuation.} e6 8. f4 {B95: Sicilian Najdorf: 6 Bg5 e6, unusual White 7th moves.} h6 9. Bxf6 Nxf6 10. O-O-O {The position is equal.} Be7 (10... b5 $5 {[%cal Rb5b4]}) 11. Kb1 O-O {[#]} 12. g4 $146 ({Predecessor:} 12. f5 e5 13. Nb3 b5 14. Bd3 Bb7 15. Rde1 Qc7 16. Rhg1 d5 17. Nxd5 Nxd5 18. exd5 Bxd5 {0-1 (42) Halasz,M-Kleman,M Bratislava 1996}) 12... Ne8 (12... b5 $14) 13. Rg1 (13. h4 $1 $18) 13... b5 (13... e5 $16) 14. g5 {And now gxh6 would win.} hxg5 (14... b4 $18) 15. fxg5 (15. Nc6 $142 Qd7 16. Nxe7+ Qxe7 17. Rxg5) 15... g6 (15... b4 $16 16. Nce2 Qb6) 16. Nc6 Qc7 17. Nxe7+ Qxe7 18. h4 Bb7 19. Bd3 ({Better is} 19. h5 $18) 19... Ng7 $16 20. Ne2 Rac8 (20... Nh5 $142) 21. h5 $2 (21. Rdf1 $16) 21... Nxh5 $11 22. Nf4 Nxf4 23. Qxf4 Kg7 $1 24. e5 {[%cal Be4e5,Be5d6][%mdl 32]} Rh8 (24... dxe5 $1 $11 {remains equal.} 25. Qxe5+ Kg8) 25. exd6 $16 e5 26. Qe3 (26. dxe7 exf4 27. Rgf1 f3 $15) ({White should try} 26. Qb4 $1 $16 Qe6 27. Be2) 26... Qe6 (26... Qxd6 $11 27. Be4 Qc7) 27. Qb6 (27. Be2 $16 {Bg4 is the strong threat.} Rh3 28. Qa7 (28. Rg3 Rxg3 29. Qxg3 Be4 $11)) 27... Bd5 $11 28. Rgf1 Rc6 29. Qa7 $132 {[%mdl 2048] Hoping for Rf6. White is not keeping still} Rxd6 {Dancing on a razor blade.} (29... Bxa2+ 30. Ka1 Rxd6 31. Rf6 $16) 30. Rf6 $1 Qd7 (30... Bxa2+ 31. Ka1 Qd7 32. Qxd7 Rxd7 33. Kxa2 $16) 31. Qe3 (31. Qxd7 Rxd7 32. Kc1 Bb7 $17) 31... Re8 ({Don't play} 31... Rxf6 32. Qxe5 (32. gxf6+ Kxf6 33. Rf1+ Kg7 $11) 32... Kg8 33. gxf6 $16) (31... Qe7 $11 {feels stronger.} 32. Qc5 Rd7 33. Qxe7 Rxe7 34. Rxa6 b4) 32. Rdf1 (32. b3 $14 Bb7 33. Rd2) 32... Re7 (32... Kg8 $11) 33. b3 (33. Qf2 $1 $16 {[%cal Rf2h2] Strongly threatening Qh2.} Re8 34. b3) 33... Bc6 $2 (33... Bg2 $1 $11 34. R1f2 e4 $1) 34. Rxd6 $2 ({But not} 34. Qc5 $6 Rxd3 35. cxd3 Qxd3+ 36. Kb2 (36. Ka1 Bb7 $14) 36... Qd2+ 37. Ka1 Bd5 $16) (34. Qg3 $18) 34... Qxd6 35. Qh3 {[#]} (35. Be4 $1 $11) 35... Re6 $1 $17 36. Qh6+ ({White should play} 36. Be2) 36... Kg8 37. Qh2 {Prevents Bg2.} e4 {[%cal Be5e4,Be4e3][%mdl 32]} 38. Qf2 (38. Qxd6 {nothing else works.} Rxd6 39. Be2) 38... Re7 $2 {Active counter play!} (38... exd3 39. Qxf7+ Kh8 40. Qf8+ Qxf8 41. Rxf8+ Kg7) 39. Be2 $19 {[#]} e3 $1 40. Qh4 (40. Qf6 {is more resistant.} Qc7 41. Kb2) 40... Be4 {White must now prevent ...Qd2.} 41. Rd1 {To avoid Qd2} Qc7 42. Rc1 Qe5 43. Rd1 Re8 {Prevents Rd8.} 44. Qh6 Qf5 (44... Qc3 $142 45. Rc1 Rc8 46. Qh1 Bxc2+ 47. Rxc2 Qxc2+ 48. Ka1 Qxe2 49. b4 Rc2 50. Qb1 Qd2 51. Qxc2 Qxc2 52. a4 e2 53. axb5 e1=Q#) 45. Rf1 Qc5 {Black mates.} 46. Rc1 Rc8 47. Bc4 bxc4 {Quite a comeback for Black.  Weighted Error Value: White=0.83/Black=0.57} 0-1

[Event "Marmaris Karya-12 IM 2022"]
[Site "Icmeler-Marmaris"]
[Date "2022.01.23"]
[Round "6.4"]
[White "Haussernot, Cecile"]
[Black "Ozcan, Alperen"]
[Result "1-0"]
[WhiteElo "2188"]
[BlackElo "1578"]
[Annotator "TA"]
[PlyCount "53"]
[EventDate "2022.01.22"]
[EventType "schev"]
[EventCountry "TUR"]
[SourceTitle "playchess.com"]
[Source "ChessBase"]
[SourceQuality "1"]

{[%evp 13,53,45,54,49,39,16,15,-4,-4,0,165,178,351,334,297,0,162,-208,131,130,179,118,227,208,220,204,214,207,411,420,29972,29973,6294,6287,1545,990,1519,970,957,950,29988,29989]} 1. e4 e6 2. d4 d5 3. Nc3 Nf6 4. Bg5 Be7 5. e5 Nfd7 6. h4 a6 7. Qg4 g6 8. O-O-O {C14: French: Classical System: 4 Bg5 Be7 main line.} c5 {[#]} 9. f4 $146 ({Predecessor:} 9. Bxe7 Qxe7 10. Nf3 cxd4 11. Qxd4 Nc6 12. Qf4 h5 13. Bd3 b5 14. Ne2 Bb7 15. Kb1 O-O-O {1-0 (80) Sawlin,L (2258)-Thornton,G (2207) Berlin 2015}) 9... h5 10. Qg3 {The position is equal.} Nc6 11. Nf3 c4 $2 (11... b5 $11 {and Black stays safe.}) 12. Bxc4 $1 $18 dxc4 $2 (12... Nb6) 13. d5 exd5 14. Rxd5 $2 ({White has to play} 14. Nxd5 $18 Qa5 15. e6 fxe6 16. Nxe7 Nxe7 17. Bxe7 Kxe7 18. f5 (18. Qxg6 Rf8 $18)) 14... Bxg5 $2 (14... Qc7 $11 {and Black is okay.} 15. f5 Nb6 16. fxg6 fxg6 17. Bxe7 Nxe7) 15. e6 $4 {[%mdl 8192]} (15. Nxg5 $18 Qc7 16. e6) 15... fxe6 $2 16. Rxg5 $16 {White is more active.} Ne7 {[#]} (16... Nf8 $16 {was necessary.}) 17. Rxg6 ({Better is} 17. Rd1 $1 $18) 17... Nxg6 (17... Nf8 $16 18. Rg5 Qb6) 18. Qxg6+ $18 Ke7 19. Ng5 (19. Rd1 Qf8 20. Qe4 (20. Qg5+ $2 Qf6 $19) 20... Qf5 21. Qxc4 (21. Qd4 $2 Rf8 $17) 21... Kf7 $11) 19... Qg8 {[#]} 20. Nd5+ $1 {Pair of Knights!} Kd6 $2 (20... exd5 {might work better.} 21. Re1+ Kd8 22. Ne6+ Ke7 23. Ng5+ Kd8 24. Ne6+ (24. Nf7+ Qxf7 25. Qxf7 a5 $18) 24... Ke7 25. Ng5+) 21. Nf7+ Kxd5 (21... Qxf7 $18 22. Qxf7 exd5) 22. Rd1+ Kc5 23. Qxe6 {Rd5+ would kill now.} Qxg2 24. Qd6+ Kb5 25. Rd5+ Qxd5 26. Qxd5+ Nc5 27. a4+ {Weighted Error Value: White=0.48/Black=1.30} 1-0

[Event "Marmaris Karya-12 IM 2022"]
[Site "Icmeler-Marmaris"]
[Date "2022.01.23"]
[Round "6.4"]
[White "Ozcan, Alperen"]
[Black "Boshra, Alshaeby"]
[Result "1-0"]
[WhiteElo "1578"]
[BlackElo "1974"]
[Annotator "TA"]
[PlyCount "75"]
[EventDate "2022.01.22"]
[EventType "schev"]
[EventCountry "TUR"]
[SourceTitle "playchess.com"]
[Source "ChessBase"]
[SourceQuality "1"]

{[%evp 18,75,15,28,42,38,22,33,62,50,90,90,100,93,115,91,89,54,60,55,65,66,76,8,72,0,0,0,0,0,0,0,0,0,83,30,79,109,194,183,242,200,198,127,186,155,161,157,621,589,615,458,452,452,761,769,1077,1066,29998,29999]} 1. d4 Nf6 2. c4 g6 3. Nc3 Bg7 4. e4 d6 5. f3 O-O 6. Be3 c6 7. Bd3 a6 8. Nge2 b5 9. b3 Nbd7 10. O-O Bb7 {E81: King's Indian: Sämisch: 6th move deviations (including 6 Be3 c6).} 11. Rc1 e5 12. d5 {[#]} bxc4 $146 {White is slightly better.} ({Predecessor:} 12... cxd5 13. cxd5 Ne8 14. g4 Nc5 15. Bc2 Qh4 16. b4 Nd7 17. Kg2 Bh6 18. Qd2 Bxe3 19. Qxe3 {½-½ (37) Gunina,V (2299)-Bronnikova,E (2259) Samara 2004}) 13. bxc4 c5 14. Rb1 Bc8 15. Qa4 Ne8 16. Qc6 Ra7 17. Na4 {White is much more active.} f5 18. Nb6 (18. Bd2 {with more complications.} f4 19. Nec3 h5 20. Nd1 g5 21. Nf2) 18... Nxb6 19. Qxb6 ({Don't blunder} 19. Rxb6 $2 Bd7 20. Rxa6 Bxc6 $19) 19... Qe7 20. Bd2 (20. exf5 $16 gxf5 21. Bc2) 20... Bf6 (20... f4 $11) 21. Ba5 ({White should play} 21. exf5 $16 Bxf5 22. Bxf5 gxf5 23. Rfe1) 21... Bg5 $11 22. Qc6 Bd7 23. Qb6 Bc8 $1 24. Qc6 Bd7 25. Qb6 $36 {[%mdl 2048] White has good play.} Ra8 {[#]} (25... Bc8 $1 $11 {remains equal.}) 26. Qb7 (26. exf5 $1 $16 Bxf5 27. Bxf5 gxf5 28. Qc6) 26... Nf6 (26... Ng7 $11) 27. exf5 $16 Be3+ (27... e4 $16 {might work better.} 28. fxe4 gxf5) 28. Kh1 $18 g5 (28... Kg7 $142 29. Rb6 Kf7 30. fxg6+ (30. Rxa6 Bxf5 31. Qxe7+ Kxe7 $17) 30... hxg6) 29. Bc7 {And now Rb6 would win.} Rac8 {[%cal Od7b5] [#]} 30. Ng3 ({White should try} 30. Qb6 $1 $18 Ne8 31. Bb8) 30... g4 (30... Bb5 $16 {was necessary.}) 31. Rb6 {[%cal Bb1b6,Bb6d6,Bd6d7][%mdl 32]} Ne8 32. Bb8 Rf6 $2 {This costs Black the game.} (32... gxf3 $16 33. Rxf3 Bf4) 33. fxg4 Rh6 {[%cal Oh6h2] ( -> ...Rxh2+!)} 34. Nh5 {[%cal Of5f6]} e4 35. Be2 {[%cal Of5f6] Strongly threatening f6!} Nf6 (35... Bd4 $142 36. Rxa6 Kh8) 36. Rxd6 Nxh5 37. Rxd7 Qh4 38. Qxc8+ {Weighted Error Value: White=0.29 (precise) /Black=0.75} 1-0

[Event "Marmaris Karya-12 IM 2022"]
[Site "Icmeler-Marmaris"]
[Date "2022.01.23"]
[Round "6.5"]
[White "Boshra, Alshaeby"]
[Black "Ozturk, Ibrahim Muhammed"]
[Result "1-0"]
[WhiteElo "1974"]
[BlackElo "1265"]
[Annotator "TA"]
[PlyCount "47"]
[EventDate "2022.01.22"]
[EventType "schev"]
[EventCountry "TUR"]
[SourceTitle "playchess.com"]
[Source "ChessBase"]
[SourceQuality "1"]

{[%evp 12,46,20,22,35,27,25,21,39,13,26,33,50,63,131,120,143,154,188,188,556,514,559,393,2838,2847,2337,2336,1989,1915,2663,2573,29995,29996,29998,29999,29999]} 1. e4 e5 2. Nf3 Nc6 3. Bb5 {[%cal Bf1b5,Bb5a4,Ba4b3][%mdl 32]} d6 4. c3 Bd7 5. O-O Nf6 6. Qe2 a6 7. Ba4 b5 {C77: Ruy Lopez: 3...a6 4 Ba4 Nf6, unusual lines.} 8. Bb3 {And now Ng5 would win.} Be7 9. d4 O-O {The position is equal.} 10. Rd1 h6 11. Nbd2 {[%cal Bb1d2,Bd2f1,Bf1g3,Bg3f5][%mdl 32]} Bg4 {[#]} 12. h3 $146 ({Predecessor:} 12. Nf1 Rc8 13. dxe5 Nxe5 14. N1d2 c5 15. h3 Bh5 16. c4 b4 17. Qe3 Re8 18. Nxe5 Bxd1 19. Nxf7 Kxf7 20. Bxd1 {0-1 (31) Martinez Nanez,S (1345)-Cedeno Chavarro,D (1555) Caqueta 2016}) 12... Bh5 {[#]} (12... Bd7 $14) 13. Nf1 $1 $16 Qb8 14. Ng3 Bxf3 15. Qxf3 {Black must now prevent Nf5.} Na5 $2 (15... Qe8 {is a better chance.} 16. Nf5 Kh8) 16. Nf5 $18 {Threatens to win with Bxh6.} Qe8 17. Bxh6 gxh6 (17... Nxb3 $2 18. Nxg7 Qd7 19. Nf5 $18) (17... g6 18. Ne3 exd4 19. cxd4 Nxb3) 18. Qg3+ Ng4 19. Qxg4+ Bg5 20. Nxh6+ Kh7 21. Qxg5 {[#] Threatening mate with Nf5.} f6 22. Qh4 {White mates.} Qg6 23. Nf5+ Qh6 24. Qxh6# {Black got outplayed after the opening.  Weighted Error Value: White=0.16 (very precise) /Black=0.92} 1-0

[Event "Marmaris Karya-12 IM 2022"]
[Site "Icmeler-Marmaris"]
[Date "2022.01.23"]
[Round "6.5"]
[White "Ozturk, Ibrahim Muhammed"]
[Black "Sibashvili, Giorgi"]
[Result "0-1"]
[WhiteElo "1265"]
[BlackElo "2398"]
[Annotator "TA"]
[PlyCount "62"]
[EventDate "2022.01.22"]
[EventType "schev"]
[EventCountry "TUR"]
[SourceTitle "playchess.com"]
[Source "ChessBase"]
[SourceQuality "1"]

{[%evp 9,61,32,32,32,34,18,24,31,29,10,18,12,27,-33,-37,-46,-51,-57,-29,-166,-146,-166,-168,-199,-184,-282,-278,-281,-240,-574,-561,-847,-838,-1209,-1210,-1340,-1264,-1362,-1346,-1684,-1585,-29990,-29991,-29991,-29991,-29993,-29994,-29994,-29993,-29997,-29998,-29998,-29999,-29999]} 1. e4 g6 2. d4 Bg7 3. Be3 d6 4. Nf3 a6 5. c3 Nf6 6. Bd3 {B06: Modern Defence.} O-O 7. h3 Nbd7 8. Nbd2 {White has an edge.} e5 {[#]} 9. dxe5 $146 ({Predecessor:} 9. d5 Nh5 10. g3 h6 11. Nh4 Nf4 12. gxf4 exf4 13. Bxf4 Qxh4 14. Bg3 Qe7 15. Qe2 {½-½ (27) Beres,L (2079)-Balogh,P (2067) Slovakia 2018}) 9... dxe5 10. Qc2 Nh5 11. g4 ({White should play} 11. O-O $11) 11... Nf4 $15 12. Bxf4 exf4 13. O-O-O {[%cal Oe4e5]} b5 14. h4 (14. e5 $11 {and White stays safe.}) 14... Nc5 $19 {[%csl LRd3,LRg4]} 15. Nb3 Nxd3+ 16. Rxd3 Qe7 17. Nfd2 (17. Rg1 $142) 17... Bxg4 18. f3 Be6 {aiming for ...c5. This bishop pair is nice.} 19. Qd1 $2 (19. Nd4 {is more resistant.}) 19... c5 {[%cal Bc7c5,Bc5c4][%mdl 32] [#] Strongly threatening ...c4.} 20. Qg1 c4 21. Nc5 cxd3 22. Nxd3 Qd6 23. Nb4 Rfc8 {[#] ( -> ...Qxb4)} 24. Nc2 b4 25. Kd1 bxc3 {Black mates.} 26. bxc3 Rxc3 27. Ne1 Rd8 {[%csl Gd8][%cal Rd6d2]} 28. Rh2 Bxa2 29. Ke2 Qxd2+ 30. Kf1 Bc4+ 31. Nd3 Rc1# {Black took control after the opening.  Weighted Error Value: White=0.94/Black=0.07 (flawless)} 0-1

[Event "Marmaris Karya-12 IM 2022"]
[Site "Icmeler-Marmaris"]
[Date "2022.01.23"]
[Round "8.1"]
[White "Ahmad, Al Khatib"]
[Black "Koseoglu, Osman Ogul"]
[Result "1-0"]
[WhiteElo "2218"]
[BlackElo "1733"]
[Annotator "TA"]
[PlyCount "45"]
[EventDate "2022.01.22"]
[EventType "schev"]
[EventCountry "TUR"]
[SourceTitle "playchess.com"]
[Source "ChessBase"]
[SourceQuality "1"]

{[%evp 9,45,24,36,20,45,15,5,0,40,35,33,19,26,22,40,54,75,77,86,81,73,83,78,61,58,64,78,10,101,35,468,464,847,860,29996,29997,29998,29999]} 1. e4 e5 2. Nf3 d6 3. d4 exd4 4. Nxd4 Nf6 5. Nc3 Be7 6. Qf3 {C41: Philidor Defence.} c6 7. Nf5 (7. h3 {is more complex.} Nbd7 8. Nf5 O-O 9. Qg3 Nh5 10. Qg4) 7... Bxf5 8. Qxf5 {[#] The position is equal.} a5 $146 ({Predecessor:} 8... Qd7 9. Qf3 b5 10. Nxb5 cxb5 11. e5 d5 12. exf6 Bxf6 13. a4 bxa4 14. c4 Nc6 15. cxd5 {½-½ (21) Liebscher,H (2107)-Olsen,B (1694) Dresden 2010}) 9. Be3 a4 {[%cal Ba5a4,Ba4a3][%mdl 32]} 10. Be2 a3 11. b3 Na6 12. O-O-O Nb4 13. g4 {White is more active.} Nd7 14. g5 Ra5 15. Qg4 Rxg5 16. Bxg5 Bxg5+ 17. Kb1 $1 {[%cal Oe4e5] Hoping for e5!} h5 $1 {[#]} 18. Qg3 (18. Qh3 $1 $16) 18... Bf6 (18... Qf6 $1 $11) 19. Rxd6 ({White should play} 19. Na4 $16) 19... Qa5 $2 {[%mdl 8192] Black cannot hold the game after this.} (19... Qb8 $14 20. Rhd1 Be5) 20. Rhd1 $18 Be5 (20... O-O $142 21. Rxd7 Qc5 22. Rxb7 h4) 21. Qg5 ({Avoid the trap} 21. Rxd7 $2 Bxg3 22. Rd8+ Qxd8 23. Rxd8+ Kxd8 $19) 21... Nf6 22. Rd8+ Ke7 23. R1d7+ {Weighted Error Value: White=0.13 (very precise) /Black=0.86} 1-0

[Event "Marmaris Karya-12 IM 2022"]
[Site "Icmeler-Marmaris"]
[Date "2022.01.23"]
[Round "8.2"]
[White "Haussernot, Cecile"]
[Black "Inci, Okan"]
[Result "1-0"]
[WhiteElo "2188"]
[BlackElo "1653"]
[Annotator "TA"]
[PlyCount "66"]
[EventDate "2022.01.22"]
[EventType "schev"]
[EventCountry "TUR"]
[SourceTitle "playchess.com"]
[Source "ChessBase"]
[SourceQuality "1"]

{[%evp 17,66,-29,49,42,58,41,77,22,84,64,135,137,139,131,127,127,140,120,176,154,208,191,360,348,337,355,357,324,522,512,708,679,702,702,691,692,791,787,948,942,981,980,1033,1074,1397,1448,2745,2740,2462,2384,29989]} 1. e4 e5 2. Nf3 Nc6 3. d4 exd4 4. Nxd4 Nf6 5. Nxc6 bxc6 6. e5 Qe7 7. Qe2 Nd5 8. c4 Ba6 9. Nd2 Nf4 (9... g6 $11) 10. Qe3 $14 {C45: Scotch Game.} Ng6 11. f4 Qc5 {[#]} 12. Ne4 $146 (12. Nb3 $16 Qxe3+ 13. Bxe3) ({Predecessor:} 12. Qxc5 Bxc5 13. Ne4 Bd4 14. Kd1 O-O 15. h4 Rfe8 16. h5 Nf8 17. Ng5 d6 18. exd6 cxd6 {½-½ (66) Voropai,A-Leshchenko,V (2141) Kiev 2001}) 12... Qxe3+ (12... Qb4+ $11 13. Kf2 Bxc4) 13. Bxe3 $16 Bb4+ (13... O-O-O $14) 14. Kf2 Be7 15. Rd1 f6 16. exf6 {White is much more active. Black has bad knights.} gxf6 17. Be2 d6 (17... f5 $16) 18. Ng3 O-O-O (18... c5 $16 19. Bd2 O-O) 19. h4 $18 {[%cal Bh2h4,Bh4h5][%mdl 32]} Kb8 $2 {[#]} (19... c5 20. Bd2 f5) 20. h5 Nf8 21. Nf5 Re8 22. Bf3 Bb7 $2 (22... c5 {is a better defense.} 23. Bc6 Ne6) 23. Rhe1 {White is clearly winning.} c5 24. Bxb7 Kxb7 25. Bd2 Nd7 26. Nxe7 f5 27. Nxf5 Ref8 28. g4 Rhg8 29. Nh6 Rg7 30. Bc3 Ne5 31. Kg3 Rf6 32. fxe5 Rxh6 33. exd6 Rxg4+ {Black did not feel at home in the position after the opening.  Weighted Error Value: White=0.09 (flawless) /Black=0.58} 1-0

[Event "Marmaris Karya-12 IM 2022"]
[Site "Icmeler-Marmaris"]
[Date "2022.01.23"]
[Round "8.3"]
[White "Boshra, Alshaeby"]
[Black "Atayman, Evren"]
[Result "0-1"]
[WhiteElo "1974"]
[BlackElo "1616"]
[Annotator "TA"]
[PlyCount "62"]
[EventDate "2022.01.22"]
[EventType "schev"]
[EventCountry "TUR"]
[SourceTitle "playchess.com"]
[Source "ChessBase"]
[SourceQuality "1"]

{[%evp 13,62,35,56,52,54,47,132,28,34,-12,0,-40,0,-6,0,0,0,-53,-55,-54,-14,-12,28,-113,-43,-41,-43,-43,-41,-37,-35,-53,-35,-49,20,-24,-16,-51,-35,-76,-73,-110,-8,-12,-12,-231,-235,-411,-380,-29998,-29999]} 1. e4 c5 2. Nf3 d6 3. Bb5+ Nd7 4. d4 cxd4 5. Qxd4 Ngf6 6. Nc3 a6 7. Bxd7+ Nxd7 8. Be3 {B51: Sicilian: Moscow Variation (3 Bb5+) without 3...Bd7.} e6 9. O-O-O Qc7 (9... b5 $14) 10. Rhe1 ({White should play} 10. Bf4 $1 $16) 10... Ne5 {[#]} 11. Bg5 $146 (11. Na4 $14) ({Predecessor:} 11. Nd2 b5 12. f3 Nc6 13. Qd3 Be7 14. Nb3 O-O 15. g4 Rd8 16. Kb1 Bd7 17. Bf2 Na5 18. e5 Bc6 19. Bd4 Nc4 20. exd6 Qxd6 21. Ne2 Qb4 {0-1 (21) Grillitsch,K (2285)-Balinov,I (2340) Austria 1995}) 11... f6 $11 12. Bh4 (12. Nxe5 $2 dxe5 13. Qa4+ Bd7 14. Rxd7 Qxd7 $19) 12... Be7 13. Nd2 (13. Nxe5 $2 fxe5 14. Qd3 (14. Qa4+ $2 Bd7 $19) 14... Bxh4 $19) 13... O-O 14. f4 Nc6 15. Qg1 (15. Qd3 $11) 15... b5 $15 {[%cal Bb7b5,Bb5b4][%mdl 32]} 16. Kb1 b4 17. Na4 Rb8 18. g4 (18. Bf2 $11) 18... Bd7 (18... e5 $17 19. f5 Nd4) 19. Bf2 $1 {[#]} Nd4 $1 20. Bxd4 {Nb6 is the strong threat.} Bxa4 21. b3 Bb5 22. Nf3 a5 23. g5 a4 (23... Rbc8 $15 24. gxf6 Bxf6) 24. gxf6 (24. Qg4 {should be considered.}) 24... Bxf6 $11 25. e5 axb3 26. axb3 (26. cxb3 $15 dxe5 27. Nxe5) 26... dxe5 $40 {[%mdl 128] Black wants a kill.} 27. Nxe5 {[#]} Rfc8 (27... Ra8 $1 $17 {Hoping for ...Rfc8.} 28. Bb2 Rfc8) 28. Rd2 $1 $11 Ra8 29. Qg4 $2 (29. Nc4 Bxd4 30. Qxd4 Bxc4 31. bxc4 Qa5 $17) (29. Ng4 $1 $11 {and White stays safe.} Bxd4 30. Qxd4) 29... Ra6 $19 {aiming for ...Qa5.} (29... Qa5 {leads to mate.} 30. Qxe6+ Kh8 31. Nf7+ Kg8 32. Nh6+ Kh8 {[#]} 33. Qg8+ $3 {[%mdl 512]} Rxg8 34. Nf7#) 30. Rg2 $2 ({Don't go for} 30. Nc4 $2 Bxd4 31. Rxd4 Qa7 $19) (30. Nc6 {keeps fighting.} Bxd4 31. Qxe6+ Kf8 32. Rxd4 (32. Nxd4 $2 Qc3 $19) 32... Rxc6 33. Qf5+ Rf6 34. Qxh7) 30... Qa5 {[%cal Oc8c3] White must now prevent ...Rc3! The board is on fire.} 31. Nc6 $2 {[#]} (31. Bb2 $19 Qa2+ 32. Kc1 Qxb3 33. Reg1) 31... Qa1+ $1 {[%mdl 512] Weighted Error Value: White=0.62/Black=0.23 (precise)} 0-1

[Event "Marmaris Karya-12 IM 2022"]
[Site "Icmeler-Marmaris"]
[Date "2022.01.23"]
[Round "8.4"]
[White "Sibashvili, Giorgi"]
[Black "Ozcan, Alperen"]
[Result "1-0"]
[WhiteElo "2398"]
[BlackElo "1578"]
[Annotator "TA"]
[PlyCount "49"]
[EventDate "2022.01.22"]
[EventType "schev"]
[EventCountry "TUR"]
[SourceTitle "playchess.com"]
[Source "ChessBase"]
[SourceQuality "1"]

{[%evp 16,49,38,36,32,23,58,54,83,69,159,158,158,156,162,131,130,136,129,133,195,194,191,193,208,212,262,258,258,257,494,487,487,483,473,466]} 1. d4 d5 2. c4 e6 3. Nc3 Nf6 4. Nf3 Be7 5. Bf4 b6 6. cxd5 exd5 7. e3 O-O 8. Ne5 Bb7 9. Bd3 Nbd7 {D37: Queen's Gambit Declined: 5 Bf4.} 10. O-O Ne4 11. Qc2 {[%cal Oc3d5]} Ndf6 {[#] White is slightly better.} 12. Nxe4 $1 {[#]} Nxe4 $146 {[#]} (12... dxe4 $14 13. Bb5 Bd6) ({Predecessor:} 12... dxe4 13. Bb5 c5 14. dxc5 Bxc5 15. Rfd1 Qe7 16. Nd7 Rfd8 17. Nxc5 bxc5 18. Bg5 h6 {1-0 (37) Tilicheev,V (2502)-Boev,V (2289) Plovdiv 2020}) 13. Nc6 $1 $16 Bxc6 14. Qxc6 Bd6 15. Qxd5 Nf6 16. Qf3 {White is much more active. Black has bad knights.} Bxf4 17. Qxf4 ({Reject} 17. exf4 $6 Qxd4 18. b3 Rad8 $11) 17... Qd6 (17... c5 $16 18. Rfd1 cxd4) 18. Qxd6 $18 cxd6 19. Rfc1 Rac8 20. Ba6 Rxc1+ 21. Rxc1 Nd5 22. Bb7 Nb4 (22... Nf6 23. Rc7 Rb8) 23. a3 {White is clearly winning.} Nd3 24. Rc2 Rb8 25. Be4 {Weighted Error Value: White=0.02 (flawless) /Black=0.38} 1-0